| 000 | 00846pam a2200253 a 4500 | ||
|---|---|---|---|
| 999 |
_c126237 _d126237 |
||
| 001 | 2470245 | ||
| 003 | ARRUPE | ||
| 005 | 20170228093248.0 | ||
| 008 | 900222s1990 nyu b 001 0 eng | ||
| 010 | _a 90032251 | ||
| 020 |
_a0809131773 (pbk.) : _c$12.95 |
||
| 040 |
_aDLC _cDLC _dDLC |
||
| 050 | 0 | 0 |
_aBR118 _b.H34 1990 |
| 082 | 0 | 0 |
_a230/.01 _220 |
| 100 | 1 |
_aHaight, Roger. _92982 |
|
| 245 | 1 | 0 |
_aDynamics of theology / _cby Roger Haight. |
| 260 |
_aNew York : _bPaulist Press, _cc1990. |
||
| 300 |
_ax, 274 p. ; _c23 cm. |
||
| 504 | _aIncludes bibliographical references (p. 236-269) and indexes. | ||
| 650 | 0 |
_aTheology. _929111 |
|
| 906 |
_a7 _bcbc _corignew _d1 _eocip _f19 _gy-gencatlg |
||
| 942 |
_2lcc _cMONOGRAPH |
||